000 00655nam a2200229Ia 4500
003 OSt
005 20220926014828.0
006 a|||||r|||| 00| 0
007 ta
008 220923b |||||||| |||| 00| 0 eng d
037 _cGeneral Book
040 _aRTL
_cRTL
_beng
041 _2eng
_aeng
082 _aY:7:7n,d,No5, L8
110 _aMILBANK MEMORIAL FUND
_9134000
245 0 _aAnnual report 1976
_b1978
260 _aNew York
_bMilbank report
_c1977
300 _a1976(43p),1977(35p),1978(36p)
_ccm.
700 _aMILBANK MEMORIAL FUND
_9134001
942 _hY:7:7n,d,No5, L8
_cGB
_2CC
999 _c629944
_d629944